000 00216 a2200109 4500
020 _a9781449482015
041 _aeng
100 _aPeirce, Lincoln
245 _aThe complete big nate
942 _cBK
999 _c23382
_d23382
999 _d23382